Statistics for All 367 countries, territories and independence movements in the world

Click here to take the quiz!

General Stats

  • This quiz has been taken 83 times
  • The average score is 188 of 367

Answer Stats

Answer% Correct
United States
77%
Canada
75%
Afghanistan
73%
Algeria
73%
Armenia
73%
China
73%
Angola
71%
Argentina
71%
Australia
71%
Azerbaijan
71%
Bahamas
71%
Barbados
71%
Burundi
71%
Cuba
71%
Dominican Republic
71%
Iceland
71%
Kosovo
71%
Palestine
71%
Albania
69%
Belize
69%
Bhutan
69%
Brunei
69%
French Guiana
69%
Guatemala
69%
Haiti
69%
Honduras
69%
India
69%
Ireland
69%
Mexico
69%
Nicaragua
69%
Northern Ireland
69%
Taiwan
69%
Trinidad
69%
United Kingdom
69%
Zambia
69%
Zimbabwe
69%
Andorra
67%
Belarus
67%
Bosnia and Herzegovina
67%
Botswana
67%
Chile
67%
Democratic Republic of the Congo
67%
Dominica
67%
Eswatini
67%
Georgia
67%
Ghana
67%
Iran
67%
Jamaica
67%
Lesotho
67%
Liberia
67%
Marshall Islands
67%
Micronesia
67%
Mongolia
67%
Namibia
67%
Nepal
67%
New Zealand
67%
North Korea
67%
Pakistan
67%
Palau
67%
Panama
67%
Philippines
67%
Russia
67%
Saint Kitts
67%
Saint Lucia
67%
Saint Vincent and the Grenadines
67%
Sierra Leone
67%
Solomon Islands
67%
South Africa
67%
South Korea
67%
Sri Lanka
67%
Syria
67%
Tonga
67%
Turkmenistan
67%
Uruguay
67%
Uzbekistan
67%
Vietnam
67%
Wales
67%
Yemen
67%
American Samoa
65%
Antigua
65%
Bahrain
65%
Benin
65%
Brazil
65%
Burkina Faso
65%
Central African Republic
65%
Chad
65%
Colombia
65%
East Timor
65%
Ecuador
65%
El Salvador
65%
Equatorial Guinea
65%
Eritrea
65%
Finland
65%
Gabon
65%
Greece
65%
Greenland
65%
Grenada
65%
Guinea
65%
Guinea-Bissau
65%
Guyana
65%
Indonesia
65%
Iraq
65%
Israel
65%
Italy
65%
Japan
65%
Kazakhstan
65%
Kenya
65%
Kiribati
65%
Kyrgyzstan
65%
Laos
65%
Latvia
65%
Lebanon
65%
Libya
65%
Liechtenstein
65%
Lithuania
65%
Malaysia
65%
Maldives
65%
Mozambique
65%
Myanmar
65%
Nauru
65%
Niger
65%
Nigeria
65%
Paraguay
65%
Puerto Rico
65%
Qatar
65%
Romania
65%
Samoa
65%
Saudi Arabia
65%
Scotland
65%
Serbia
65%
Singapore
65%
Somalia
65%
South Sudan
65%
Spain
65%
Sudan
65%
Sweden
65%
Tajikistan
65%
Tanzania
65%
Thailand
65%
Togo
65%
Tuvalu
65%
Uganda
65%
United Arab Emirates
65%
Vanuatu
65%
Bangladesh
63%
Belgium
63%
Bolivia
63%
Bulgaria
63%
Cape Verde
63%
Comoros
63%
Costa Rica
63%
Croatia
63%
Denmark
63%
Djibouti
63%
Egypt
63%
Estonia
63%
Ethiopia
63%
Fiji
63%
France
63%
Hungary
63%
Ivory Coast
63%
Jordan
63%
Luxembourg
63%
Mali
63%
Malta
63%
Mauritania
63%
Moldova
63%
Morocco
63%
Oman
63%
Peru
63%
Poland
63%
Portugal
63%
Rwanda
63%
San Marino
63%
São Tome and Principé
63%
Senegal
63%
Slovakia
63%
Slovenia
63%
Suriname
63%
Ukraine
63%
Venezuela
63%
Austria
62%
Cameroon
62%
Cyprus
62%
Faroe Islands
62%
Isle of Man
62%
Kuwait
62%
Montenegro
62%
Netherlands
62%
North Macedonia
62%
Norway
62%
Papua New Guinea
62%
Seychelles
62%
Switzerland
62%
Vatican City
62%
Western Sahara
62%
Czech Republic
60%
Falkland Islands
60%
French Polynesia
60%
Gambia
60%
Guam
60%
Malawi
60%
Mauritius
60%
Monaco
60%
Tibet
60%
Tunisia
60%
Alaska
58%
Germany
58%
Hawaii
58%
Madagascar
58%
Aruba
56%
Bermuda
56%
Cook Island
56%
Gibraltar
56%
Hong Kong
56%
Niue
56%
Somaliland
56%
Transnistria
56%
Catalonia
54%
Jersey
54%
Saint Martin
54%
Abkhazia
52%
British Virgin Islands
52%
Saint Helena
52%
Cayman Islands
50%
Curaçao
50%
Easter Island
50%
Montserrat
50%
Northern Cyprus
50%
Sardinia
50%
South Ossetia
50%
Azores
48%
Corsica
48%
Guadeloupe
48%
Macau
48%
Martinique
48%
New Caledonia
48%
Sicily
48%
Christmas Island
46%
Zanzibar
46%
Anguilla
44%
Canary Islands
44%
Guernsey
44%
Madeira
44%
Mayotte
44%
Svalbard
44%
Bavaria
42%
Galapagos Islands
42%
Northern Mariana Islands
42%
Quebec
42%
Réunion
42%
Tasmania
42%
Tobago
42%
Turks and Caicos Islands
42%
Basque Country
40%
British Indian Ocean Territory
40%
Cocos Islands
40%
Gaza Strip
40%
Kurdistan
40%
Barbuda
38%
Chechnya
38%
Crimea
38%
Galicia
38%
Kaliningrad
38%
Saint Barthélemy
38%
Sint Maarten
38%
Tokelau
38%
Åland Islands
37%
Bonaire
37%
Nevis
37%
Norfolk Island
37%
Saba
37%
Türkiye
37%
Ceuta
35%
Melilla
35%
Pitcairn Islands
35%
Saint Pierre and Miquelon
35%
Sint Eustatius
35%
Andalusia
33%
Bougainville
33%
Brittany
33%
Flanders
33%
Mallorca
33%
Wallis and Futuna
33%
Wallonia
33%
Artsakh
31%
Cabinda
31%
Ibiza
31%
Menorca
31%
United States Virgin Islands
31%
Valencia
31%
Yukon
31%
Antarctica
29%
Aragon
29%
Asturias
29%
Bali
29%
Republic of Congo
29%
West Bank
29%
British Antarctic Territory
27%
Cornwall
27%
Navarre
27%
Tristan da Cunha
27%
Akrotiri and Dhekelia
25%
Clipperton Island
25%
Darfur
25%
Karelia
25%
Normandy
25%
Ascension Island
23%
Cantabria
23%
Coral Sea Islands
23%
Gran Canaria
23%
Jammu and Kashmir
23%
La Rioja
23%
Navassa Island
23%
Nunavut
23%
Palmyra Atoll
23%
Sark
23%
Australian Antarctic Territory
21%
Cape Town
21%
Midway Atoll
21%
Murcia
21%
Northern Territory
21%
Orkney
21%
Prince Edward Island
21%
Tenerife
21%
Wake Island
21%
Alderney
19%
Australian Capital Territory
19%
Castille and León
19%
Castille-La Mancha
19%
Extremadura
19%
Jan Mayen
19%
Northwest Territories
19%
Shetland
19%
Ambazonia
17%
El Hierro
17%
French Southern and Antarctic Lands
17%
Jarvis Island
17%
Kingman Reef
17%
La Gomera
17%
Lanzarote
17%
La Palma
17%
West Papua
17%
District of Columbia
15%
Fuerteventura
15%
New Russia
15%
United Nations Buffer Zone
15%
Vojvodina
15%
Azawad
13%
Barotseland
13%
Bikini Atoll
13%
Heard and McDonald Islands
13%
Saint Croix
13%
Transcarpathia
13%
Formentera
12%
Herm
12%
Johnston Atoll
12%
Katanga
12%
Republika Srpska
12%
Sápmi
12%
South Georgia and South Sanwich Islands
12%
Ashmore and Cartier Islands
10%
Jervis Bay Territory
10%
Lord Howe Island
10%
Scania
8%
Juan Fernandez Islands
6%

Score Distribution

Percentile by Number Answered

Percent of People with Each Score

Your Score History

You have not taken this quiz